000 00774nam a2200265Ia 4500
003 OSt
005 20221007120929.0
006 a|||||r|||| 00| 0
007 ta
008 221006b |||||||| |||| 00| 0 eng d
020 _a9780195687989 (pbk)
024 _a83321
037 _b226, 08/12/2008, N R Book Distributors
_cTextbook
040 _aBDL
_cBDL
_beng
041 _2eng
_aeng
082 _aJB.2, P8 Carb
100 _aMukherjee Pippa
_9710275
245 0 _aTrees of India
260 _aNew
_bDelhi Oxford University Press
_c2008
300 _a99p.
_ccm.
650 _a Trees
_9710162
650 _aBotany
942 _hJB.2, P8 Carb
_cTB
_2CC
999 _c1208198
_d1208198